| 000 | 00505ntaaa2200193 4500 | ||
|---|---|---|---|
| 003 | 01 | ||
| 005 | 20251027201647.0 | ||
| 008 | 0714s1973 ag 01 | ||
| 040 |
_aAR-BaBN _bspa _cAR-BaBN _eaacr _dRIC |
||
| 082 | _a232.8000 M76 | ||
| 100 |
_aMontes de Oca, Alba L _915312 |
||
| 245 | _aJesucristo es el Señor | ||
| 250 | _a1 ed. | ||
| 260 |
_aBuenos Aires : _bJunta Bautista de Publicaciones, _cc1964 |
||
| 300 | _a122 p | ||
| 500 | _aEl señorío de Cristo | ||
| 650 |
_aseñorío _915313 |
||
| 942 | _cBK | ||
| 999 |
_c11327 _d11327 |
||